000 00786nam a2200265Ia 4500
003 OSt
005 20221006153404.0
006 a|||||r|||| 00| 0
007 ta
008 221006b |||||||| |||| 00| 0 eng d
020 _a4805302585
_c
_14.95(¥1,500)
024 _a32,198
037 _bGift, Japan Foundation
_cTextual
040 _aEASL
_cEASL
_beng
041 _2eng
_aeng
082 _aO42,3M67, K9
100 _aNATSUME Soseki
_915308
245 0 _aGrass on the wayside (Michikusa)
_b A novel
260 _aBoston
_bTuttle Publishing
_c1969
300 _a169p.
_ccm.
490 _v JEL
700 _a MCCLELLAN Edwin Tr.
942 _hO42,3M67, K9
_cTEXL
_2CC
999 _c1100284
_d1100284